Workbook in NSTP 2 (Record no. 7690)
[ view plain ]
| 000 -LEADER | |
|---|---|
| fixed length control field | 00560nam a22001937i 4500 |
| 003 - CONTROL NUMBER IDENTIFIER | |
| control field | URS |
| 020 ## - INTERNATIONAL STANDARD BOOK NUMBER | |
| International Standard Book Number | 9789710161157 |
| 050 ## - LIBRARY OF CONGRESS CALL NUMBER | |
| Classification number | LC200.5 |
| Item number | W89 2012 |
| 100 1# - MAIN ENTRY--PERSONAL NAME | |
| Personal name | Quilang, Alexander B. |
| 245 ## - TITLE STATEMENT | |
| Title | Workbook in NSTP 2 |
| 264 #1 - PRODUCTION, PUBLICATION, DISTRIBUTION, MANUFACTURE, AND COPYRIGHT NOTICE | |
| Place of production, publication, distribution, manufacture | Malabon City : |
| Name of producer, publisher, distributor, manufacturer | Jimczyville Pub., |
| Date of production, publication, distribution, manufacture, or copyright notice | 2012. |
| 300 ## - PHYSICAL DESCRIPTION | |
| Extent | vi, 316 pages |
| Other physical details | illustrations |
| Dimensions | 22cm. |
| 336 ## - CONTENT TYPE | |
| Content type term | text |
| Content type code | txt |
| Source | rdacontent |
| 337 ## - MEDIA TYPE | |
| Media type term | unmediated |
| Media type code | n |
| Source | rdamedia |
| 338 ## - CARRIER TYPE | |
| Carrier type term | volume |
| Carrier type code | nc |
| Source | rdacarrier |
| 500 ## - GENERAL NOTE | |
| General note | Includes bibliographical references and index. |
| 650 #0 - SUBJECT ADDED ENTRY--TOPICAL TERM | |
| Topical term or geographic name entry element | Student service--Philippines. |
| 942 ## - ADDED ENTRY ELEMENTS (KOHA) | |
| Koha item type | Filipiniana |
| Withdrawn status | Damaged status | Not for loan | Collection code | Home library | Current library | Shelving location | Date acquired | Source of acquisition | Total Checkouts | Full call number | Barcode | Date last seen | Date last checked out | Price effective from | Koha item type | Source of classification or shelving scheme |
|---|---|---|---|---|---|---|---|---|---|---|---|---|---|---|---|---|
| Non-fiction | Pililla College Library | Pililla College Library | General Stacks | 02/16/2016 | purchased | 1 | 361.7 W89 2012 | URSPIL-5638 | 05/31/2019 | 03/03/2016 | 02/16/2016 | Filipiniana | ||||
| Non-fiction | Pililla College Library | Pililla College Library | General Stacks | 02/16/2016 | purchased | 361.7 W89 2012 | URSPIL-5639 | 05/31/2019 | 02/16/2016 | Filipiniana | Library of Congress Classification | |||||
| Non-fiction | Pililla College Library | Pililla College Library | General Stacks | 02/16/2016 | purchased | 361.7 W89 2012 | URSPIL-5640 | 05/31/2019 | 02/16/2016 | Filipiniana |